000 01138naa a22003137a 4500
001 BR7405856
003 BR-BrBNA
005 20240918173645.0
007 ta
008 230509b bl.||||| |||| 00| 0 por d
040 _aBR-BrBNA
_bpor
_cBiblioteca Nacional de Agricultura
041 _a(Pt)
072 _aF24; P00
090 _aF24 BR7405856
100 1 _aSouza, A.G. de
100 1 _aBatista, G.T.
111 1 _a14. Congresso Brasileiro de Ciencia do Solo
_cSanta Maria, RS (Brazil)
_d16 Jul 1973
245 1 _aO sensoriamento remoto no estudo dos recursos naturais [Aerofotogrametria; Mapa; Sensor remoto]
260 3 _aRio de Janeiro, GB (Brasil):
_c1974.
500 _aAnais do 14. Congresso Brasileiro de Ciencia do Solo Rio de Janeiro, GB (Brasil): 1974. p. 57-69 (BR7405856-AM)F24
650 _aRECURSO NATURAL
650 _aAEROFOTOGRAMETRIA
650 _aMAPA
650 _aSENSORIAMENTO REMOTO
650 _aSOLO
773 0 _tAnais do 14. Congresso Brasileiro de Ciencia do Solo
_wF24 BR7405856
_gRio de Janeiro, GB (Brasil), 1974. p. 57-69
909 _a202404
_bLucia
_c55
_dLucia Elande
942 _cAM
_2AGRIS
999 _c306021
_d306021